|
|
|
|
| LEADER |
01182nab#a2200325#ar4500 |
| 001 |
000064413 |
| 003 |
SVKKK |
| 005 |
19970625xxxxxxx. |
| 008 |
06 c xo huno |
| FMT |
|
|
|
| 038 |
|
|
|a SVKKK
|
| 040 |
|
|
|a SVKKK
|b slo
|e AACR2
|
| 041 |
0 |
|
|a hun
|
| 044 |
|
|
|a xo
|c SK
|
| 080 |
|
|
|a 296:296.1
|
| 080 |
|
|
|a 352
|
| 242 |
1 |
0 |
|a Na júlovej schôdzi správnej komisie...
|
| 245 |
0 |
0 |
|a A közigazgatási bizottság július havi gyülésén...
|
| 520 |
2 |
|
|a Na správnej komisii v júli 1914 v Sečovciach bola na programe problematika nezhôd v židovskej náboženskej obci a následne nemožnosť zvoliť rabína. Snaha odtrhnutia sa vidieka od náboženskej obce samotných Sečoviec.
|
| 650 |
0 |
4 |
|a správa obecná, Sečovce - zasadanie - júl 1914 - program
|
| 650 |
0 |
4 |
|a židovská náboženská obec, Sečovce - rabín (funkcia) - voľby problematické - správy
|
| 773 |
0 |
|
|t Zempléni Hirlap : Tőketerebes, Gálszécs, Varannó és vidékének társadalmi hetilapja
|g Roč. 1, č. 15 (18.07.1914) s. 3
|
| 957 |
|
|
|a Sečovce
|
| 958 |
|
|
|a CI
|
| 958 |
|
|
|a DG
|
| 958 |
|
|
|a SK
|
| 974 |
|
|
|a Ba
|d 19970625
|
| 992 |
|
|
|a RBX
|
| BAS |
|
|
|
| 998 |
|
|
|a RETRO
|